000 00363nam a2200121Ia 4500
008 220214s9999 xx 000 0 und d
100 _aSomen CK
245 0 _aEffect of different storage conditions on the viability of seeds of Bambusa arundinacea
260 _bSeed Science and technology
_c1989
300 _a355-360
700 _aSeethalakshmi KK
942 _cRE
999 _c45737
_d45737